Konvergencia a divergencia sférických harmonických funkcií v blízkosti asteroidu 101955 Bennu
Saved in:
| Main Author: | |
|---|---|
| Other Authors: | |
| Format: | Manuscript Book |
| Language: | Slovak |
| Published: |
2022
|
| Subjects: | |
| Online Access: | http://is.stuba.sk/zp/portal_zp.pl?podrobnosti=155992 https://opac.crzp.sk/?fn=detailBiblioForm&sid=DD4AECDD61273E16FA3CFD86B1FD |
| Tags: |
No Tags, Be the first to tag this record!
|
MARC
| LEADER | 00000ntm a22000003a 4500 | ||
|---|---|---|---|
| 001 | stuzp88888 | ||
| 003 | SK-STU | ||
| 005 | 20230424140325.4 | ||
| 007 | ta | ||
| 008 | 150427s2015----xo-----f-mn---000-0-slo-d | ||
| 040 | |a STU |b slo | ||
| 041 | 0 | |a slo | |
| 100 | 1 | |a Benko, Ondrej |u 010130 |4 aut |U SvF Stavebná fakulta |T SvF Katedra globálnej geodézie a geoinformatiky |X 103910 |U V130 |Y 13 |7 103910 | |
| 242 | 0 | 1 | |a Convergence and divergence of spherical harmonics in the vicinity of the asteroid 101955 Bennu |y eng |
| 245 | 1 | 0 | |a Konvergencia a divergencia sférických harmonických funkcií v blízkosti asteroidu 101955 Bennu |
| 260 | |c 2022 | ||
| 650 | 4 | |a sférické harmonické funkcie |2 slo | |
| 650 | 4 | |a gravitačný potenciál |2 slo | |
| 650 | 4 | |a sférický harmonický rozvoj gravitačného potenciálu |2 slo | |
| 650 | 4 | |a konvergencia |2 slo | |
| 650 | 4 | |a divergencia |2 slo | |
| 650 | 4 | |a spherical harmonics |2 eng | |
| 650 | 4 | |a gravitational potential |2 eng | |
| 650 | 4 | |a spherical harmonic expansion of gravitational potential to series |2 eng | |
| 650 | 4 | |a convergence |2 eng | |
| 650 | 4 | |a divergence |2 eng | |
| 700 | 1 | |a Bucha, Blažej |u 010130 |k Z1 |4 ths |U SvF Stavebná fakulta |T SvF Katedra globálnej geodézie a geoinformatiky |X 44564 |U V130 |Y 13 |7 A000044564 | |
| 856 | 4 | |u http://is.stuba.sk/zp/portal_zp.pl?podrobnosti=155992 | |
| 856 | 4 | |u https://opac.crzp.sk/?fn=detailBiblioForm&sid=DD4AECDD61273E16FA3CFD86B1FD | |